书目信息 |
| 题名: |
振动与波
|
|
| 作者: | A.P.弗伦奇 著 | |
| 分册: | ||
| 出版信息: | 北京 人民教育出版社 1981 |
|
| 页数: | 328页 | |
| 开本: | 32开 | |
| 丛书名: | ||
| 单 册: | ||
| 中图分类: | O421 | |
| 科图分类: | ||
| 主题词: | 声学 | |
| 电子资源: | ||
| ISBN: | ||
| 000 | 00506nam0 2200193 45 | |
| 001 | 0006201605 | |
| 005 | 20000620170156.0 | |
| 010 | @d0.92元 | |
| 100 | @a20000620d1981 km y0chiy0120 ea | |
| 101 | 0 | @achi |
| 105 | @a z 000yy | |
| 200 | 1 | @a振动与波@AZhen Dong Yu Bo@fA.P.弗伦奇著@FA.P.Fu Lun Qi Zhu |
| 210 | @a北京@c人民教育出版社@d1981 | |
| 215 | @a328页@d32开 | |
| 606 | 0 | @a声学 |
| 690 | @aO421@v3 | |
| 701 | 0 | @aA.P.弗伦奇@4著 |
| 801 | @aCN@bPftUser@c20000620 | |
| 905 | @b209576-577@dO421@eF683@f2 | |
| 振动与波/A.P.弗伦奇著.-北京:人民教育出版社,1981 |
| 328页;32开 |
| ISBN :0.92元 |
| ● |
| 相关链接 |
|
|
|
正题名:振动与波
索取号:O421/F683
 
预约/预借
| 序号 | 登录号 | 条形码 | 馆藏地/架位号 | 状态 | 备注 |
| 1 | 209576 | 202095767 | 自科库401/401自科库 88排1列3层/ [索取号:O421/F683] | 在馆 | |
| 2 | 209577 | 202095776 | 自科库401/401自科库 88排1列3层/ [索取号:O421/F683] | 在馆 |